| 000 -LEADER |
| fixed length control field |
01971cam a2200337 a 4500 |
| 001 - CONTROL NUMBER |
| control field |
14687309 |
| 003 - CONTROL NUMBER IDENTIFIER |
| control field |
OSt |
| 005 - DATE AND TIME OF LATEST TRANSACTION |
| control field |
20240213144404.0 |
| 008 - FIXED-LENGTH DATA ELEMENTS--GENERAL INFORMATION |
| fixed length control field |
070105s2007 nyua 000 0 eng |
| 010 ## - LIBRARY OF CONGRESS CONTROL NUMBER |
| LC control number |
2007000505 |
| 020 ## - INTERNATIONAL STANDARD BOOK NUMBER |
| International Standard Book Number |
9781580931847 |
| 020 ## - INTERNATIONAL STANDARD BOOK NUMBER |
| International Standard Book Number |
1580931847 (alk. paper) |
| 035 ## - SYSTEM CONTROL NUMBER |
| System control number |
(OCoLC)ocm77574115 |
| 035 ## - SYSTEM CONTROL NUMBER |
| System control number |
(OCoLC)77574115 |
| 040 ## - CATALOGING SOURCE |
| Original cataloging agency |
DLC |
| Transcribing agency |
DLC |
| Modifying agency |
BAKER |
| -- |
BTCTA |
| -- |
C#P |
| -- |
YDXCP |
| -- |
DLC |
| 043 ## - GEOGRAPHIC AREA CODE |
| Geographic area code |
n-us--- |
| 050 00 - LIBRARY OF CONGRESS CALL NUMBER |
| Classification number |
NA737.P48 |
| Item number |
A4 2007 |
| 082 00 - DEWEY DECIMAL CLASSIFICATION NUMBER |
| Classification number |
720.92273 |
| Edition number |
22 |
| Author Mark |
ARC |
| 245 00 - TITLE STATEMENT |
| Title |
Architecture on architecture : |
| Remainder of title |
Platt Byard Dovell White / |
| Statement of responsibility, etc. |
introduction by Kenneth Frampton. |
| 260 ## - PUBLICATION, DISTRIBUTION, ETC. |
| Place of publication, distribution, etc. |
New York, N.Y. : |
| Name of publisher, distributor, etc. |
Monacelli Press, |
| Date of publication, distribution, etc. |
2007. |
| 300 ## - PHYSICAL DESCRIPTION |
| Extent |
184 p. : |
| Other physical details |
ill. (chiefly col.) ; |
| Dimensions |
24 x 25 cm. |
| 505 0# - FORMATTED CONTENTS NOTE |
| Formatted contents note |
Between old and new / Kenneth Frampton -- Architecture's argument / Paul Spencer Byard -- Reece School -- Saginaw Art Museum -- Appellate Division Courthouse -- 47 East 91st Street -- Bridgehampton Residence -- Equinox Fitness clubs -- The Brearley School -- Green-Wood Mausoleum -- Congregation Shearith Israel -- Cedar Lake ensemble -- Charles A. Dana Discovery Center -- The Andrew W. Mellon Foundation -- Spence Lower School -- Green-Wood Columbarium -- Foundation building, the Cooper Union -- 110 + Broadway -- Poly Prep Lower School -- Pittwater House -- Chanel Headquarters -- Casa Italiana, Columbia University -- 50 Madison -- New 42nd Street studios -- PBDW timeline -- Acknowledgments. |
| 610 20 - SUBJECT ADDED ENTRY--CORPORATE NAME |
| Corporate name or jurisdiction name as entry element |
Platt Byard Dovell White. |
| 9 (RLIN) |
120343 |
| 650 #0 - SUBJECT ADDED ENTRY--TOPICAL TERM |
| Topical term or geographic name entry element |
Architecture |
| Geographic subdivision |
United States |
| General subdivision |
History |
| Chronological subdivision |
20th century. |
| 9 (RLIN) |
32294 |
| 650 #0 - SUBJECT ADDED ENTRY--TOPICAL TERM |
| Topical term or geographic name entry element |
Architecture |
| Geographic subdivision |
United States |
| General subdivision |
History |
| Chronological subdivision |
21st century. |
| 9 (RLIN) |
32483 |
| 710 2# - ADDED ENTRY--CORPORATE NAME |
| Corporate name or jurisdiction name as entry element |
Platt Byard Dovell White. |
| 9 (RLIN) |
120343 |
| 856 41 - ELECTRONIC LOCATION AND ACCESS |
| Materials specified |
Table of contents only |
| Uniform Resource Identifier |
<a href="http://www.loc.gov/catdir/toc/ecip078/2007000505.html">http://www.loc.gov/catdir/toc/ecip078/2007000505.html</a> |
| 906 ## - LOCAL DATA ELEMENT F, LDF (RLIN) |
| a |
7 |
| b |
cbc |
| c |
orignew |
| d |
1 |
| e |
ecip |
| f |
20 |
| g |
y-gencatlg |
| 942 ## - ADDED ENTRY ELEMENTS (KOHA) |
| Source of classification or shelving scheme |
|
| Koha item type |
Book |